| 000 | 00985nam a22002177a 4500 | ||
|---|---|---|---|
| 999 |
_c18869 _d18869 |
||
| 003 | AR-CdUCM | ||
| 008 | 190515b ||||| |||| 00| 0 spa d | ||
| 040 |
_aMUNICIPALIDAD PROVINCIAL DEL CUSCO _cBIBLIOTECA MUNICIPAL DEL CUSCO |
||
| 082 |
_25ed. _a352 / _bAD24 |
||
| 110 |
_aInstituto de adiestramiento en administración municipal _939755 |
||
| 245 | _aAdministración de las finanzas municipales / | ||
| 260 |
_aMéxico : _bContinental, _c1962. |
||
| 300 |
_a735 paginas ; _c23 cm. |
||
| 505 | _aContenido : El punto de vista administrativo sobre las finanzas municipales -- Organización de la administración de finanzas -- Ingresos municipales -- Elaboración del impuesto municipal -- Administración del presupuesto y control de gastos... | ||
| 650 |
_aAdministración _922924 |
||
| 650 |
_aContabilidad de costos _939756 |
||
| 650 |
_aInforme financiero _939757 |
||
| 700 |
_aGarcia Prieto, Hector (Traducción) _939758 |
||
| 942 |
_2ddc _cLIBROS |
||
| 945 |
_awnts _d2019-05-15 |
||